000 00634nam a2200241Ia 4500
003 OSt
005 20221007071308.0
006 a|||||r|||| 00| 0
007 ta
008 221006b |||||||| |||| 00| 0 eng d
024 _a24,135
037 _cTextual
040 _aFLL
_cFLL
_beng
041 _2eng
_aeng
082 _aZ3:33, J01
100 _aHesketh George
_9688461
245 0 _aPrinciples of the law of partnership
250 _a6th
260 _aLondon
_bButterworth & Co. UK
_c1950
300 _axxviii,180,27p
_ccm.
942 _hZ3:33, J01
_cTEXL
_2CC
999 _c1142970
_d1142970